| 000 | 00987nas a2200313 4500 | ||
|---|---|---|---|
| 001 | BR0205476 | ||
| 003 | BR-BrBNA | ||
| 005 | 20231205103355.0 | ||
| 007 | ta | ||
| 008 | 230509b bl.|||p| |||| 00| 00por d | ||
| 040 |
_aBR-BrBNA _bpor _cBiblioteca Nacional de Agricultura |
||
| 041 | _a(Pt) | ||
| 072 | _aF30 | ||
| 100 | 1 | _aDegenhardt, J. | |
| 100 | 1 | _aDocroquet, J.P. | |
| 100 | 1 | _aReis, M.S. dos | |
| 100 | 1 | _aGuerra, M.P. | |
| 100 | 1 | _aNodari, R.O. | |
| 245 | 1 | _aEfeito de anos e determinação do coeficiente de repetibilidade de características de frutos de goiabeira-serrana | |
| 650 | _aGOIABA SERRANA | ||
| 650 | _aFRUTO | ||
| 650 | _aCARACTERÍSTICAS AGRONÔMICAS | ||
| 650 | _aVARIAÇÃO GENÉTICA | ||
| 650 | _aHEREDITARIEDADE | ||
| 650 | _aCONDIÇÃO AMBIENTAL | ||
| 773 | 0 |
_tPesquisa Agropecuária Brasileira (Brazil) _xISSN 0100-204X _g(Sep 2002), v. 37(9) p. 1285-1293 _wBR0205476 |
|
| 909 |
_a202311 _bLúcia _c55 _dLúcia Elande |
||
| 942 |
_2AGRIS _n0 _cANA |
||
| 999 |
_c172519 _d172519 |
||